Datum a čas kvízu

22 Celkem bodů Celkový počet nahraných bodů na tomto kvízu bez doplňovacích otázek.
7. Pořadí na kvízu Konečné umístění týmu na tomto kvízu.

Zaznamenané odpovědi

# Otázka Odpověď Body Výsledky
1. V pátek se na základních a stř... burger, panák (alkoholu) 0.5
2. Jisté devadesátikilogramové zv... sumec 0
3. Napište jména známého muže a ž... Jeff Bezos, Lauren Sánchez 0.5
4. Jak se jmenuje nově zvolený ge... Hynek Chudárek 0
5. V Ostravě se konal tradiční at... 400 m překážek 1
6. Ve filmové sérii Muži v černém... J a K 1
7. Napište český název závěrečnéh... Pařba na třetí 0
8. Seřaďte jednotlivé díly filmov... 1B 2C 3D 4A 1
9. Kdo z uvedených herců nebo her... B 0
10. Závěrem se podíváme blíže na H... z hadů 1